[Event "Muensterland Verbandsliga 1516"]
[Site "Germany"]
[Date "2016.05.21"]
[Round "9.6"]
[White "Fehlings, Gerd"]
[Black "Beckmann, Christian"]
[Result "1/2-1/2"]
[WhiteElo "1735"]
[BlackElo "1733"]
[PlyCount "119"]
[EventDate "2015.09.12"]
[EventType "team"]
[EventRounds "9"]
[EventCountry "GER"]
[SourceTitle "EXT 2017"]
[Source "ChessBase"]
[SourceDate "2016.10.25"]
[SourceVersion "1"]
[SourceVersionDate "2016.10.25"]
[SourceQuality "1"]
[WhiteTeam "Emsdetten Rochade II"]
[BlackTeam "Ahaus Wessum"]
[WhiteTeamCountry "GER"]
[BlackTeamCountry "GER"]

1. Nf3 Nf6 2. d4 g6 3. g3 Bg7 4. Bg2 0-0 5. 0-0 Nc6 6. c4 d6 7. h3 e5 8. dxe5 dxe5 9. Nc3 Be6 10. b3 Nh5 11. Ng5 Qd7 12. Qxd7 Bxd7 13. Ba3 Rfd8 14. Rad1 h6 15. Nge4 Bf8 16. Bxf8 Kxf8 17. Nc5 Be8 18. Nxb7 Rxd1 19. Rxd1 Rc8 20. Nc5 Nf6 21. N5e4 Ke7 22. Nxf6 Kxf6 23. e3 Ke6 24. Kf1 Ne7 25. Ke2 f5 26. Nd5 e4 27. Nxe7 Kxe7 28. f3 exf3+ 29. Bxf3 c5 30. e4 a5 31. exf5 gxf5 32. Ke3 a4 33. Kf4 axb3 34. axb3 Rb8 35. Re1+ Kd6 36. Bd1 Bd7 37. Bc2 Be6 38. Re3 Rf8 39. h4 Rf7 40. Re5 Rb7 41. Re1 Rg7 42. Rd1+ Kc6 43. Rd8 Rg4+ 44. Kf3 f4 45. gxf4 Rxh4 46. f5 Bd7 47. Rg8 Rh2 48. Rg6+ Kc7 49. Be4 Rb2 50. Kf4 Rxb3 51. Rxh6 Rb4 52. Bd5 Bb5 53. Ke5 Bxc4 54. Rc6+ Kd7 55. Rxc5 Bxd5 56. Rxd5+ Ke7 57. Ra5 Rb7 58. Ra6 Rb5+ 59. Kf4 Rb1 60. Re6+ 1/2-1/2

[Event "Muensterland Verbandsklasse-A 1213"]
[Site "Germany"]
[Date "2013.01.26"]
[Round "5.6"]
[White "Beckmann, Christian"]
[Black "Winter, Reinhold"]
[Result "1-0"]
[WhiteElo "1805"]
[BlackElo "1586"]
[PlyCount "57"]
[EventDate "2012.09.15"]
[EventType "team-tourn"]
[EventRounds "9"]
[EventCountry "GER"]
[SourceTitle "EXT 2015"]
[Source "ChessBase"]
[SourceDate "2014.11.20"]
[SourceVersion "1"]
[SourceVersionDate "2014.11.20"]
[SourceQuality "1"]
[WhiteTeam "Ahaus Wessum"]
[BlackTeam "Neuenkirchen II"]
[WhiteTeamCountry "GER"]
[BlackTeamCountry "GER"]

1. e4 e6 2. d4 d5 3. exd5 exd5 4. c4 Nf6 5. Nc3 Bb4 6. Bd3 dxc4 7. Bxc4 0-0 8. Nge2 Ne4 9. 0-0 Nxc3 10. bxc3 Ba5 11. Qb3 c6 12. a4 Qf6 13. Ng3 Re8 14. Bb2 Na6 15. Rae1 Be6 16. Bxe6 Rxe6 17. Qxb7 Nc7 18. Rxe6 Qxe6 19. Bc1 Bb6 20. Bf4 Rc8 21. Bxc7 Rxc7 22. Qa6 Qa2 23. Re1 g6 24. Qe2 Qxa4 25. Qe8+ Kg7 26. Ne4 Qa5 27. Qd8 Qd5 28. Qf6+ Kg8 29. Nd6 1-0

[Event "Muensterland Verbandsklasse-A 1011"]
[Site "Germany"]
[Date "2010.12.11"]
[Round "4.1"]
[White "Beckmann, Christian"]
[Black "Lemli, Thomas"]
[Result "0-1"]
[WhiteElo "1862"]
[BlackElo "1987"]
[PlyCount "86"]
[EventDate "2010.09.18"]
[EventType "team-tourn"]
[EventRounds "9"]
[EventCountry "GER"]
[SourceTitle "EXT 2012"]
[Source "ChessBase"]
[SourceDate "2011.11.24"]
[SourceVersion "1"]
[SourceVersionDate "2011.11.24"]
[SourceQuality "1"]
[WhiteTeam "Ahaus Wessum II"]
[BlackTeam "Emsdetten Rochade"]
[WhiteTeamCountry "GER"]
[BlackTeamCountry "GER"]

1. e4 c6 2. d4 d5 3. exd5 cxd5 4. c4 Nf6 5. Nc3 g6 6. Qb3 Bg7 7. cxd5 0-0 8. Nf3 Qb6 9. Bc4 Bg4 10. Qxb6 axb6 11. Ne5 Na6 12. Bg5 Bf5 13. 0-0 Nb4 14. a3 Nc2 15. Rad1 h6 16. Bh4 g5 17. Bg3 Rac8 18. Bb3 Nh5 19. Nb5 Nxg3 20. hxg3 Bxe5 21. dxe5 Bd7 22. Nd4 Nxd4 23. Rxd4 Rc5 24. e6 fxe6 25. dxe6 Bc6 26. Rb4 b5 27. f4 Rd8 28. Rf2 Rd3 29. Kh2 gxf4 30. gxf4 Rh5+ 31. Kg1 Rc5 32. Bc2 Rg3 33. f5 Re5 34. Kh2 Rg5 35. Rh4 Kg7 36. Rhf4 Kf6 37. g4 Re1 38. Kh3 h5 39. Rh2 hxg4+ 40. Rxg4 Rh5+ 41. Rh4 Re3+ 42. Kg4 Rg5+ 43. Kf4 Rf3# 0-1

[Event "Muensterland Verbandsklasse-A 0405"]
[Site "Muensterland"]
[Date "2004.11.06"]
[Round "3.7"]
[White "Beckmann, Christian"]
[Black "Sicking, Norbert"]
[Result "0-1"]
[WhiteElo "1681"]
[BlackElo "1749"]
[PlyCount "182"]
[EventDate "2004.09.11"]
[EventType "team-tourn"]
[EventRounds "9"]
[EventCountry "GER"]
[SourceTitle "EXT 2006"]
[Source "ChessBase"]
[SourceDate "2005.11.24"]
[SourceVersion "1"]
[SourceVersionDate "2005.11.24"]
[SourceQuality "1"]
[WhiteTeam "Ahaus Wessum"]
[BlackTeam "Heiden II"]
[WhiteTeamCountry "GER"]
[BlackTeamCountry "GER"]

1. e4 d6 2. Nc3 Nf6 3. d4 g6 4. Bc4 Bg7 5. f3 0-0 6. Be3 a6 7. e5 dxe5 8. dxe5 Qxd1+ 9. Rxd1 Ne8 10. Rd8 Nc6 11. Rd1 Nxe5 12. Bb3 c6 13. Bc5 Nc7 14. Bxe7 Re8 15. Rd8 Bf5 16. Rxe8+ Rxe8 17. Ba3 Nxf3+ 18. Kf1 Nd2+ 19. Kf2 Bd4+ 20. Kg3 Nf1+ 21. Kf4 Be5+ 22. Kf3 Nxh2+ 23. Kf2 Ng4+ 24. Kf3 Nf6 25. Nge2 Bg4+ 26. Kf2 Bxe2 27. Nxe2 Ncd5 28. c4 Nf4 29. Nxf4 Bxf4 30. Kf3 Bc7 31. g4 Ne4 32. Bb4 c5 33. Re1 Ng5+ 34. Kg2 Rxe1 35. Bxe1 Be5 36. Bd2 Ne4 37. Bc1 Kg7 38. Bc2 Nd6 39. b3 f5 40. gxf5 gxf5 41. Be3 b6 42. Bg5 Kf7 43. Bd8 b5 44. cxb5 axb5 45. Bb6 c4 46. bxc4 Nxc4 47. Bf2 Ke6 48. a4 bxa4 49. Bxa4 Nd2 50. Be1 Ne4 51. Bb3+ Kf6 52. Bh4+ Kg6 53. Bc2 h5 54. Ba4 Kf7 55. Bd1 Kg6 56. Ba4 Nd6 57. Kf3 Bf6 58. Bg3 Nf7 59. Be8 h4 60. Bf4 Bd4 61. Bg5 Bf6 62. Bh6 Be7 63. Bd2 Kf6 64. Bf4 Ke6 65. Ba4 Kf6 66. Bb3 Bb4 67. Bc2 Bd6 68. Bb3 Bxf4 69. Kxf4 Ne5 70. Bc2 Ng6+ 71. Kf3 Kg5 72. Kg2 f4 73. Bd1 Ne5 74. Be2 Ng4 75. Kf3 Ne5+ 76. Kg2 Kf5 77. Kh3 f3 78. Ba6 Kg5 79. Bf1 Ng4 80. Bb5 Nf2+ 81. Kh2 Kf4 82. Bf1 Ng4+ 83. Kh3 Nf2+ 84. Kh2 Kg4 85. Bb5 Ne4 86. Bd7+ Kf4 87. Kh3 Kg5 88. Bc6 Nf2+ 89. Kh2 Kf4 90. Bd7 Ng4+ 91. Kh3 f2 0-1